Documentos cervantinos hasta ahora inéditos / (Record no. 153533)

MARC details
000 -LEADER
campo de control de longitud fija 01152nam a2200241 i 4500
001 - NÚMERO DE CONTROL
campo de control 153533
003 - IDENTIFICADOR DE NÚMERO DE CONTROL
campo de control ES-MaACL
005 - FECHA Y HORA DE LA ÚLTIMA TRANSACCIÓN
campo de control 20250928103352.0
008 - DATOS DE LONGITUD FIJA--INFORMACIÓN GENERAL
campo de control de longitud fija 941129m18971902sp |||| | spa d
040 ## - FUENTE DE CATALOGACIÓN
Centro catalogador/agencia de origen CLM
Lengua de catalogación spa
245 00 - MENCIÓN DEL TÍTULO
Título Documentos cervantinos hasta ahora inéditos /
Mención de responsabilidad, etc. recogidos y anotados por Cristóbal Pérez Pastor.
260 ## - PUBLICACIÓN, DISTRIBUCIÓN, ETC.
Lugar de publicación, distribución, etc. Madrid :
Nombre del editor, distribuidor, etc. [s.n.],
Fecha de publicación, distribución, etc. 1897-1902 (
Fabricante Establecimiento Tipográfico de Fortanet)
300 ## - DESCRIPCIÓN FÍSICA
Extensión 2 v. (XVI, 432; VIII, 613 p.) :
Otras características físicas il. ;
Dimensiones 25 cm.
500 ## - NOTA GENERAL
Nota general Impresa a expensas del Excmo. D. Manuel Pérez de Guzmán Boza, Marqués de Jerez de los Caballeros.
530 ## - NOTA DISPONIBLE DE FORMULARIO FÍSICO ADICIONAL
Nota de formato físico adicional disponible Disponible en formato digital.
600 14 - PUNTO DE ACCESO ADICIONAL DE MATERIA--NOMBRE DE PERSONA
Nombre de persona Cervantes Saavedra, Miguel de,
Fechas asociadas al nombre 1547-1616.
Título de la obra Don Quijote de la Mancha-
Subdivisión de forma Bibliografías
9 (RLIN) 37615
700 1# - ENTRADA AGREGADA--NOMBRE PERSONAL
Nombre de persona Pérez Pastor, Cristóbal,
Fechas asociadas al nombre 1833-1908
9 (RLIN) 91076
700 1# - ENTRADA AGREGADA--NOMBRE PERSONAL
Nombre de persona Pérez de Guzmán y Boza, Manuel,
Títulos y otros términos asociados al nombre Marqués de Jerez de los Caballeros.
9 (RLIN) 128298
852 ## - LOCALIZACIÓN
Ubicación ES-MaACL
Número de control de estantería C-2575-76
Nota libre -- Rust.
852 ## - LOCALIZACIÓN
Ubicación ES-MaACL
Número de control de estantería L-19140
Nota libre .- Es el tomo II
856 ## - LOCALIZACIÓN Y ACCESO ELECTRÓNICOS
Identificador Uniforme de Recursos <a href="http://bdh-rd.bne.es/viewer.vm?id=0000009707&page=1 ">http://bdh-rd.bne.es/viewer.vm?id=0000009707&page=1 </a>
Nota pública Biblioteca Digital Hispánica
Holdings
Estatus retirado Estado de pérdida Estado de daño No para préstamo Colección Biblioteca de origen Biblioteca actual Ubicación en estantería Fecha de adquisición Fuente de adquisición Total de préstamos Signatura topográfica completa Código de barras Visto por última vez Precio de reemplazo Tipo de ítem Koha
        Colección digital Biblioteca del Ateneo de Madrid Biblioteca del Ateneo de Madrid Depósito 2 07/06/2016     L-19140 1195398 23/02/2023 23/02/2023 Libro impreso antiguo
        Colección digital Biblioteca del Ateneo de Madrid Biblioteca del Ateneo de Madrid Sala Palomar 17/01/2008     C-2575-76 1160499 23/02/2023 23/02/2023 Libro impreso antiguo